Campo Archimede

Zapisane w:
Opis bibliograficzny
1. autor: Disch, Thomas
Format: Książka
Język:angielski
Etykiety: Dodaj etykietę
Nie ma etykietki, Dołącz pierwszą etykiete!

MARC

LEADER 00000nam a2200000 4500
001 CDOM0000002417
003 mi
005 20251008170511.0
008 251008b |||||||| |||| 00| 0 eng d
040 |c mi 
100 |a Disch, Thomas 
245 1 |a Campo Archimede  
942 |2 ddc  |c BK 
952 |0 0  |1 0  |2 ddc  |4 0  |7 0  |9 5977  |a MI  |b MI  |d 2006-05-21  |i 636  |l 0  |p CDOM636  |r 2025-07-13 16:28:00  |w 2025-07-13  |x ACQUISTO  |y BK 
999 |c 4776  |d 4776